00357 a2200097 4500001000900000005001700009008004100026245009000067100002500157773007700182ART_853520260410161844.0260409a 10aEl efecto de un arancel externo común en la balanza de pagos y en el tipo de cambio1 aEdwards, Sebastián0 tEl trimestre económicog- Vol. XLIV, Nº 175 (jul./set. 1977)wREV6933